Joueur ayant joué au Réal et au Barça - Mort Subite - Statistiques

Statistiques générales
  • Ce quiz a été pris 588 fois
  • Le résultat moyen est 5 sur 11
Answers on the Grid
Answers color-coded by a green-red scale on the quiz's grid according to % correct below.
Ronaldo
Luis Enrique
Luis Figo
Javier Saviola
Samuel Eto'o
Michael Laudrup
Alfredo Di Stefano
Albert Celades
Julen Lopetegui
Gheorghe Hagi
Marcos Alonso
Bebeto
Xabi Alonso
Sergiño Dest
Dani Alves
Victor Valdes
Maxime Gonalons
Raúl
Joao Pedro
Andreas Christensen
 
Statistiques - réponses
Réponse % Correct
Luis Figo
85%
Ronaldo
79%
Samuel Eto'o
65%
Luis Enrique
59%
Michael Laudrup
40%
Marcos Alonso
35%
Javier Saviola
34%
Gheorghe Hagi
33%
Albert Celades
29%
Julen Lopetegui
28%
Alfredo Di Stefano
22%
Aucun quiz correspondant
Distribution des résultats
% des personnes avec chaque résultat
Percentile par nombre de réponses
Votre historique - résultats
Vous n’avez pas pris ce quiz